Т. 2; Основы физики

Бібліографічні деталі
Parent link:Основы физики: учебник: в 2 т./ Н. П. Калашников, М. А. Смондырев. Т. 2.— , 2004
Резюме:Учебник соответствует программе дисциплины «Физика» для технических вузов общего профиля. Два его тома входят в состав учебного комплекта, включающего также учебное пособие «Основы физики. Упражнения и задачи» тех же авторов. Во многих отношениях данный учебник не имеет аналогов. Ряд оригинальных методических приемов и способов изложения материала, включение новых, зачастую неожиданных тем и ярких примеров, отсутствующих в традиционных курсах физики, позволяют учащимся приобрести навыки уверенного самостоятельного мышления, глубоко уяснить физические основы самых различных реальных природных явлений, давать их практические, качественные оценки, оперируя размерностями и порядками величин. Для понимания изложения большей частью достаточно школьного курса математики. Для студентов инженерно-технических и естественнонаучных специальностей.
Мова:Російська
Опубліковано: 2004
Редагування:2-е изд., перераб.
Серія:Высшее образование
Предмети:
Формат: MixedMaterials Книга
KOHA link:https://koha.lib.tpu.ru/cgi-bin/koha/opac-detail.pl?biblionumber=145831

MARC

LEADER 00000nam2a2200000 4500
001 145831
005 20231101221201.0
010 |a 5710756199 
035 |a (RuTPU)RU\TPU\book\158071 
090 |a 145831 
100 |a 20081022d2004 m y0rusy50 ca 
101 0 |a rus 
102 |a RU 
105 |a a j 000zy 
200 0 |a Т. 2 
205 |a 2-е изд., перераб. 
210 |d 2004 
215 |a 432 с.  |c ил. 
225 1 |a Высшее образование 
330 |a Учебник соответствует программе дисциплины «Физика» для технических вузов общего профиля. Два его тома входят в состав учебного комплекта, включающего также учебное пособие «Основы физики. Упражнения и задачи» тех же авторов. Во многих отношениях данный учебник не имеет аналогов. Ряд оригинальных методических приемов и способов изложения материала, включение новых, зачастую неожиданных тем и ярких примеров, отсутствующих в традиционных курсах физики, позволяют учащимся приобрести навыки уверенного самостоятельного мышления, глубоко уяснить физические основы самых различных реальных природных явлений, давать их практические, качественные оценки, оперируя размерностями и порядками величин. Для понимания изложения большей частью достаточно школьного курса математики. Для студентов инженерно-технических и естественнонаучных специальностей. 
461 1 |0 (RuTPU)RU\TPU\book\173818  |t Основы физики  |o учебник: в 2 т.  |f Н. П. Калашников, М. А. Смондырев  |v Т. 2  |d 2004  |s Высшее образование 
606 1 |a Физика  |2 stltpush  |3 (RuTPU)RU\TPU\subj\63709  |9 80688 
610 1 |a волновая оптика 
610 1 |a геометрическая оптика 
610 1 |a свет 
610 1 |a интерференция 
610 1 |a дифракция 
610 1 |a квантовая механика 
610 1 |a фотоны 
610 1 |a микрочастицы 
610 1 |a волновые свойства 
610 1 |a уравнения Шредингера 
610 1 |a атомы 
610 1 |a химическая связь 
610 1 |a идеальные газы 
610 1 |a статистическая физика 
610 1 |a термодинамика 
610 1 |a молекулы 
610 1 |a распределения 
610 1 |a явления переноса 
610 1 |a второе начало термодинамики 
610 1 |a кристаллы 
610 1 |a теплоемкость 
610 1 |a квантовая статистика 
610 1 |a твердые тела 
610 1 |a атомное ядро 
610 1 |a элементарные частицы 
610 1 |a масштабы 
610 1 |a небесные тела 
610 1 |a биологический мир 
610 1 |a учебники 
801 1 |a RU  |b 63413507  |c 20081022  |g PSBO 
801 2 |a RU  |b 63413507  |c 20201117  |g PSBO 
900 |a Физика 
942 |c BK 
952 |a 550000 
959 |a 93/20081022  |d 3  |e 0  |f АНЛ:1  |f ЧЗТЛ:2